Les plus anciens pays - Statistiques

Statistiques générales
  • Ce quiz a été pris 130 fois
  • Le résultat moyen est 7 sur 10
Statistiques - réponses
Hint Réponse % Correct
Asie Chine
95%
Europe France
95%
Asie Japon
85%
Afrique Egypte
79%
Moyen-orient Iran
76%
Europe Grèce
71%
Europe Portugal
60%
Afrique Ethiopie
57%
Europe St-Marin
27%
Asie Armenie
19%
Aucun quiz correspondant
Distribution des résultats
% des personnes avec chaque résultat
Percentile par nombre de réponses
Votre historique - résultats
Vous n’avez pas pris ce quiz